| 000 | 00352cam a2200145ua 4500 | ||
|---|---|---|---|
| 041 |
_aeng _h |
||
| 082 |
_a823.301 _bADA/FO |
||
| 100 | _aAdamyan, Nora . | ||
| 245 |
_aFour lives / _cNora Admyan. _hTextual Documents |
||
| 260 |
_aMoscow : _bForeign Language Publishing House. |
||
| 300 | _a159 ; . | ||
| 504 | _a | ||
| 942 | _cBK | ||
| 999 |
_c3154 _d3154 |
||